El tango ayer y hoy

Bewaard in:
Bibliografische gegevens
Hoofdauteur: Aharonián, Coriún (Auteur)
Formaat: Boek
Taal:Spaans
Gepubliceerd in: Montevideo Centro Nacional de Documentación Musical Lauro Ayestarán 2014
Montevideo Ministerio de Educación y Cultura 2014
Editie:1a. ed
Reeks:Ensayo
Onderwerpen:
Tags: Voeg label toe
Geen labels, Wees de eerste die dit record labelt!

MARC

LEADER 00000cam a2200000 a 4500
001 UCD2065
003 CL-VaPUC
008 160407e20140000uy |||||||||||||||||spa|d
020 |a 9789974362536 
082 0 4 |a 784.18885  |b AHA  |2 21 
100 0 |a Aharonián, Coriún  |e author  |9 585326 
245 1 3 |a El tango ayer y hoy 
250 |a 1a. ed 
300 |a 488 p 
942 |c BK 
945 |d 20160407 22:06:00  |a arojas 
260 |a Montevideo  |b Centro Nacional de Documentación Musical Lauro Ayestarán  |c 2014 
260 |a Montevideo  |b Ministerio de Educación y Cultura  |c 2014 
650 0 |a Tango  |9 416285 
650 0 |a Música popular  |9 356085 
650 0 |a Formas musicales  |9 306416 
583 |a last modification  |c 20160407 22:06:00  |k Rodrigo Vera 
490 0 |a Ensayo 
999 |c 363271  |d 363269 
952 |0 0  |1 0  |3 erb  |4 0  |6 784_188850000000000_AHA_2014_2014  |7 0  |8 R  |9 475167  |a BIBEDU  |b BIBEDU  |i 5280516  |o 784.18885 AHA 2014 2014  |p 5280516  |r 2023-01-12  |w 2019-11-24  |y BK_R  |z Catalogado en:20160407  |k MUS